| 000 | 00579nam a2200241Ia 4500 | ||
|---|---|---|---|
| 003 | 0100 | ||
| 008 | 130227s9999 xx 000 0 und d | ||
| 020 | _a9780192840943 | ||
| 040 | _cARRUPELIB | ||
| 050 | _aB187.5.O82 2004 | ||
| 100 | _aOsborne, Catherine | ||
| 245 | _aPresocratic philosophy | ||
| 245 | _bA very short introduction | ||
| 260 | _aOxford | ||
| 260 | _bOxford University Press | ||
| 260 | _C2004 | ||
| 300 | _a144p | ||
| 300 | _b 17cm | ||
| 440 | _aVery short introductions | ||
| 650 | _bConsolation | ||
| 650 | _cChristian life | ||
| 942 |
_2lcc _05 |
||
| 999 |
_c5215 _d5215 |
||